<?xml version="1.0" encoding="UTF-8"?>
<record
    xmlns:xsi="http://www.w3.org/2001/XMLSchema-instance"
    xsi:schemaLocation="http://www.loc.gov/MARC21/slim http://www.loc.gov/standards/marcxml/schema/MARC21slim.xsd"
    xmlns="http://www.loc.gov/MARC21/slim">

  <leader>00205nam a2200085   4500</leader>
  <controlfield tag="001">1254675</controlfield>
  <controlfield tag="005">20251120113615.0</controlfield>
  <datafield tag="245" ind1=" " ind2=" ">
    <subfield code="a">B&#x130;R H&#x130;KAYEN&#x130;N H&#x130;KAYES&#x130;</subfield>
    <subfield code="c">DEBORAH HOPK&#x130;NSON</subfield>
  </datafield>
  <datafield tag="260" ind1=" " ind2=" ">
    <subfield code="b">ALTIN K&#x130;TAPLAR </subfield>
  </datafield>
  <datafield tag="999" ind1=" " ind2=" ">
    <subfield code="c">1254675</subfield>
    <subfield code="d">1254675</subfield>
  </datafield>
  <datafield tag="952" ind1=" " ind2=" ">
    <subfield code="0">0</subfield>
    <subfield code="1">0</subfield>
    <subfield code="2">ddc</subfield>
    <subfield code="4">0</subfield>
    <subfield code="7">0</subfield>
    <subfield code="a">1061</subfield>
    <subfield code="b">1061</subfield>
    <subfield code="d">2025-11-20</subfield>
    <subfield code="l">9</subfield>
    <subfield code="o">T 6</subfield>
    <subfield code="p">1061286157</subfield>
    <subfield code="r">2026-04-24 09:25:22</subfield>
    <subfield code="s">2026-04-21</subfield>
    <subfield code="w">2025-11-20</subfield>
    <subfield code="y">BK</subfield>
  </datafield>
</record>
